| 000 | 00479nam a2200193Ia 4500 | ||
|---|---|---|---|
| 005 | 20260429112251.0 | ||
| 008 | 260429s9999||||xx |||||||||||||| ||und|| | ||
| 020 | _a9781138593695 | ||
| 041 | _aEnglish | ||
| 082 |
_a320.6 _bCOW |
||
| 100 | _aCowan, Andrew | ||
| 245 | 0 |
_aArt of writing fiction / _cAndrew Cowan |
|
| 250 | _a2nd ed. | ||
| 260 |
_aLondon : _bRoutledge, _c2024. |
||
| 300 | _aviii, 249 p.; pbk | ||
| 650 | _a Art | ||
| 650 | _aFiction writing | ||
| 942 | _cTB | ||
| 999 |
_c53212 _d53212 |
||